Microsoft Office XP: Advanced concepts and techniques, Word 2002, Excel 2002, Access 2002, Powerpoint 2002. / (Record no. 5333)

MARC details
000 -LEADER
fixed length control field 01436nam a22001817a 4500
008 - FIXED-LENGTH DATA ELEMENTS--GENERAL INFORMATION
fixed length control field 150202b xxu||||| |||| 00| 0 eng d
020 ## - INTERNATIONAL STANDARD BOOK NUMBER
International Standard Book Number 0789562901
050 ## - LIBRARY OF CONGRESS CALL NUMBER
Classification number HF5548.4.M525 S485
100 ## - MAIN ENTRY--PERSONAL NAME
Personal name Gary, Shelly B.
245 ## - TITLE STATEMENT
Title Microsoft Office XP: Advanced concepts and techniques, Word 2002, Excel 2002, Access 2002, Powerpoint 2002. /
Statement of responsibility, etc. Shelly B. Gary
260 ## - PUBLICATION, DISTRIBUTION, ETC.
Place of publication, distribution, etc. U.S.A:
Name of publisher, distributor, etc. Thomson Course Technology,
Date of publication, distribution, etc. 2002.
300 ## - PHYSICAL DESCRIPTION
Extent xxiii,+ various pagings.:
Other physical details ill.;
Dimensions 25cm.
500 ## - GENERAL NOTE
General note Includes references and appendix.
505 ## - FORMATTED CONTENTS NOTE
Formatted contents note Contents: Creating a document with a table, chart and watermark -- Generating form letters, mailing labels, envelopes and directories -- Creating a professional newsletter -- Merging from letters to E-mail address using an outlook contacts lists -- Financial functions, data tables, amortization schedules and hyperlinks -- Creating, sorting and querying a worksheet database -- Creating templates and working with multiple worksheets and workbooks -- Linking an excel worksheet to a word document and web discussions -- Reports, forms and combo boxes -- Enhancing forms with OLE fields, hyperlinks and subforms --Creating an application system using macros, wizards and the switchboard manager -- Sharing data among applications -- Using visuals to enhance a slide show -- Microsoft office XP help system.
700 ## - ADDED ENTRY--PERSONAL NAME
Personal name Cashman, Thomas J.
700 ## - ADDED ENTRY--PERSONAL NAME
Personal name Vermaat, Misty E.
942 ## - ADDED ENTRY ELEMENTS (KOHA)
Source of classification or shelving scheme Library of Congress Classification
Koha item type Books
Holdings
Withdrawn status Lost status Source of classification or shelving scheme Damaged status Not for loan Home library Current library Shelving location Date acquired Total Checkouts Full call number Barcode Date last seen Copy number Price effective from Koha item type
    Library of Congress Classification     WISCONSIN INTERNATIONAL UNIVERSITY COLLEGE, GHANA - MAIN LIBRARY WISCONSIN INTERNATIONAL UNIVERSITY COLLEGE, GHANA - MAIN LIBRARY Reference 02/02/2015   HF5548.4.M525 S485 7503/531/13 02/02/2015 1 02/02/2015 Books

If you have any concerns or questions; kindly contact the library


© Powered by WIUC ICT DIRECTORATE